[Event "MetroWest CC May op"]
[Site "Natick"]
[Date "2004.??.??"]
[Round "4"]
[White "Hubscher, Roland"]
[Black "Chamberlain, John"]
[Result "0-1"]
[WhiteElo "1815"]
[BlackElo "2035"]
[PlyCount "32"]
[EventDate "2004.??.??"]
[EventType "swiss"]
[EventRounds "4"]
[EventCountry "USA"]
[SourceTitle "EXT 2007"]
[Source "ChessBase"]
[SourceDate "2006.11.23"]
[SourceVersion "1"]
[SourceVersionDate "2006.11.23"]
[SourceQuality "1"]

1. e4 c5 2. d4 cxd4 3. c3 dxc3 4. Nxc3 e6 5. Nf3 Nc6 6. Bc4 Bb4 7. 0-0 Nge7 8. Qe2 0-0 9. Rd1 Ng6 10. Be3 Nge5 11. Nxe5 Nxe5 12. Bb3 Qh4 13. Nb5 b6 14. g3 Qxe4 15. Nd4 Bb7 16. f3 Nxf3+ 0-1

[Event "MetroWest CC Summer op"]
[Site "Natick"]
[Date "2004.??.??"]
[Round "2"]
[White "Penta, Jeff"]
[Black "Hubscher, Roland"]
[Result "1-0"]
[WhiteElo "1905"]
[BlackElo "1815"]
[PlyCount "99"]
[EventDate "2004.??.??"]
[EventType "swiss"]
[EventRounds "5"]
[EventCountry "USA"]
[SourceTitle "EXT 2007"]
[Source "ChessBase"]
[SourceDate "2006.11.23"]
[SourceVersion "1"]
[SourceVersionDate "2006.11.23"]
[SourceQuality "1"]

1. e4 e5 2. Nf3 Nc6 3. Bb5 Bc5 4. 0-0 Qf6 5. Nc3 Nd4 6. Nxd4 Bxd4 7. Nd5 Qd8 8. Qg4 Kf8 9. c3 Bb6 10. Nxb6 axb6 11. Qf3 Qf6 12. Qe2 d6 13. f4 exf4 14. d4 g5 15. e5 dxe5 16. dxe5 Qg6 17. Bd3 Qe6 18. Bd2 Ne7 19. Rad1 Ng6 20. Bc4 Qg4 21. Qe4 Ra5 22. Qd4 Qd7 23. b4 Qxd4+ 24. cxd4 Ra8 25. d5 c6 26. d6 Be6 27. Bxe6 fxe6 28. Ra1 Ke8 29. a4 Rf8 30. Bc3 Kd7 31. a5 b5 32. Bd4 Rf5 33. Rae1 Raf8 34. Re4 Nh4 35. Ra1 f3 36. g3 Ng6 37. Kf2 h5 38. a6 bxa6 39. Rxa6 R8f7 40. Ra7+ Kc8 41. Ra8+ Kb7 42. Ra7+ Kb8 43. Ra6 Kb7 44. Rb6+ Kc8 45. Rxc6+ Kb8 46. Rb6+ Rb7 47. d7 Rf8 48. Rxe6 Ra7 49. Rxg6 Rd8 50. Rd6 1-0

[Event "MetroWest CC May op"]
[Site "Natick"]
[Date "2004.??.??"]
[Round "2"]
[White "Taylor, Andrew"]
[Black "Hubscher, Roland"]
[Result "1-0"]
[WhiteElo "1655"]
[BlackElo "1815"]
[PlyCount "85"]
[EventDate "2004.??.??"]
[EventType "swiss"]
[EventRounds "4"]
[EventCountry "USA"]
[SourceTitle "EXT 2007"]
[Source "ChessBase"]
[SourceDate "2006.11.23"]
[SourceVersion "1"]
[SourceVersionDate "2006.11.23"]
[SourceQuality "1"]

1. e4 e5 2. Nf3 Nc6 3. Bb5 f5 4. 0-0 Nf6 5. Bxc6 dxc6 6. Nxe5 Bd6 7. Re1 fxe4 8. d4 0-0 9. Nd2 b5 10. Nxe4 Bxe5 11. dxe5 Qxd1 12. Nxf6+ gxf6 13. Rxd1 fxe5 14. Re1 Bf5 15. Rxe5 Rfe8 16. Bf4 Rxe5 17. Bxe5 Re8 18. f4 Bxc2 19. Rc1 Be4 20. Bxc7 Bd5 21. Be5 Rc8 22. a3 Kf7 23. Kf2 Rg8 24. g3 a5 25. Bc7 a4 26. Re1 Re8 27. Rxe8 Kxe8 28. g4 Kd7 29. Be5 Ke6 30. Ke3 Bg2 31. h4 Bh3 32. Kf3 Kd5 33. Bc3 h5 34. gxh5 Ke6 35. Kg3 Bf5 36. h6 Kf7 37. h5 Ke6 38. Kh4 Bh7 39. Kg5 Bd3 40. h7 Bxh7 41. Kh6 Bd3 42. Kg7 Kd5 43. h6 1-0